Súčasné trendy v riadení dodávateľských reťazcov
Niekoľko trendov, ktoré sa očakávajú v oblasti riadenia dodávateľských reťazcov (supply chain management). Trendy vo väzbe na logistiku a e-fulfillment. Sourcing a e-procurement. Demand and supply planning.
Na minha lista:
| Autor principal: | |
|---|---|
| Formato: | Capítulo de Livro |
| Idioma: | eslovaco |
| Assuntos: | |
| Tags: |
Sem tags, seja o primeiro a adicionar uma tag!
|
MARC
| LEADER | 00000naa$a2200000$$$4500 | ||
|---|---|---|---|
| 001 | 0045740 | ||
| 005 | 20231116120011.3 | ||
| 041 | 0 | |a slo | |
| 044 | |a SK | ||
| 245 | 1 | 0 | |a Súčasné trendy v riadení dodávateľských reťazcov |c Radovan Pajer |
| 520 | |a Niekoľko trendov, ktoré sa očakávajú v oblasti riadenia dodávateľských reťazcov (supply chain management). Trendy vo väzbe na logistiku a e-fulfillment. Sourcing a e-procurement. Demand and supply planning. | ||
| 610 | 2 | 0 | |a riadenie reťazcov dodávateľských |
| 610 | 2 | 0 | |a logistika |
| 610 | 2 | 0 | |a obstarávanie |
| 610 | 2 | 0 | |a vzťahy dodávateľsko-odberateľské |
| 610 | 2 | 0 | |a spolupráca podnikov |
| 100 | 1 | |a Pajer, Radovan | |